000 02320cam a2200421 a 4500
001 14043600
003 OSt
005 20150408114001.0
008 111215s20059999enk b 001 0 eng
010 _a
_z 2008297877
020 _a9780199246205 (v. 1 : alk. paper)
020 _a0199246203 (v. 1 : alk. paper)
020 _a9780199246212 (v. 2 : alk. paper)
020 _a9780199246229 (v. 3 : alk. paper)
020 _a019924622X (v. 3 : alk. paper)
020 _a9780199246236 (v. 4 : alk. paper)
020 _a0199246238 (v. 4 : alk. paper)
040 _aDLC
_cMU
082 0 0 _a820.9 O X H
_222
245 0 4 _aThe Oxford history of literary translation in English /
_cedited by Stuart Gillespie and David Hopkins.
260 _aOxford ;
_aNew York :
_bOxford University Press,
_c<2005-2010>
300 _av. <1-2, 4 > ;
_c24 cm.
500 _aVol. 3 published in 2005, v. 4 published in 2006, v. 1 published in 2008, v. 2 published in 2010.
500 _aDescription based on v. 3 (ECIP application)
504 _aIncludes bibliographical references and index.
505 1 _av. 1. To 1550 / edited by edited by Roger Ellis -- v. 2 1550-1660 / edited by Gordon Braden, Robert Cummings, and Stuart Gillespie -- v. 3. 1660-1790 / edited by Stuart Gillespie and David Hopkins -- v. 4. 1790-1900 / edited by Peter France & Kenneth Haynes.
650 0 _aLiterature
_xTranslations into English
_xHistory and criticism.
_98639
650 0 _aTranslating and interpreting
_zEnglish-speaking countries.
_98640
700 1 _aEllis, Roger,
_d1943 May 16-
_98641
700 1 _aGillespie, Stuart,
_d1958-
_98642
700 1 _aHopkins, David,
_d1948-
_98643
856 4 1 _3Table of contents only
_uhttp://www.loc.gov/catdir/toc/ecip0516/2005020693.html
856 4 2 _3Publisher description
_uhttp://www.loc.gov/catdir/enhancements/fy0638/2005020693-d.html
856 4 2 _3Contributor biographical information
_uhttp://www.loc.gov/catdir/enhancements/fy0725/2005020693-b.html
906 _a7
_bcbc
_corignew
_d1
_eecip
_f20
_gy-gencatlg
942 _2ddc
_cDVD
999 _c20071
_d254571